| 000 | 00683nam a2200205 a 4500 | ||
|---|---|---|---|
| 005 | 20220524063615.0 | ||
| 008 | 991125s1970 mx 000 0 spa u | ||
| 035 | _aUPN01000013172 | ||
| 049 | _aLT | ||
| 050 | 4 |
_aLB1645 M6.3 _bP7.2 1970 |
|
| 100 | 1 |
_aPreciado Cisneros, Miguel _929878 |
|
| 245 | 1 | 0 |
_aCurso de matemáticas : _blibro tercero / _cMiguel Preciado Cisneros y Carlos Toral Gutiérrez |
| 260 |
_aMéxico : _bProgreso, _c1970 |
||
| 300 |
_a347 p. : _bil. |
||
| 500 | _a"De acuerdo con los programas oficiales" | ||
| 650 | 4 |
_aMatemáticas _xEstudio y enseñanza (Secundaria) _94860 |
|
| 700 | 2 |
_aToral Gutiérrez, Carlos, _ecoaut. |
|
| 904 |
_aAC _b013173 |
||
| 905 | _aLibro | ||
| 999 |
_c13172 _d13172 |
||